| 000 | 00916cam a2200277 i 4500 | ||
|---|---|---|---|
| 999 |
_c35060 _d35060 |
||
| 001 | 357064 | ||
| 003 | OSt | ||
| 005 | 20200220153920.0 | ||
| 008 | 771209s1976 ii b b 001 0 eng | ||
| 010 | _a 76901758 | ||
| 020 | _c9789380081113 | ||
| 040 |
_aDLC _cDLC _dDLC |
||
| 043 | _aa-ii--- | ||
| 050 | 0 | 0 |
_aDS432.M65 _bM54 1976 |
| 082 | 0 | 0 |
_a954.83 _bMIL/M |
| 100 |
_aMiller, Roland E _91766 |
||
| 245 | 1 | 0 |
_aMappila Muslimkal = Mappila Muslims of Kerala : _ba study in Islamic trends / _cRoland E. Miller. |
| 260 |
_aMadras : _bOrient Longman, _c1976. |
||
| 300 | _a408 p. : | ||
| 500 | _a"Originally presented as a doctoral dissertation to the Hartford Seminary Foundation." | ||
| 500 | _aIncludes index. | ||
| 650 | 0 | _aMoplahs. | |
| 650 | 0 |
_aMuslims _zIndia _zKerala. |
|
| 651 | 0 |
_aKerala (Social) _xSocial life and customs. |
|
| 942 |
_2ddc _cBK _h954.83 _iMIL/M _k954.83 _mMIL/M |
||